Quizzes
Events
Quiz Creation
Community
Videos
Private Events
Remove Ads
Sign In
Join for FREE
Feedback
Dark Mode
Quiz Categories
Sports
Geography
Music
Movies
Television
Just For Fun
Miscellaneous
History
Literature
Language
Science
Gaming
Entertainment
Religion
Holiday
For Kids
Quiz Lab
Recent
Popular Today
Quiz Kudos Today
Editor Picks
Curator Picks
Quizzes by...
Day
Popularity
Type
Ratings
Length
Year
Community
Subscriptions
Recent Discussions
Orange Saloon
Badges
Playlists
Quests
Create
Leaderboards
Showdown
Live 5
Trivia Bingo
Activity
Puzzle Library
Sporcle Events
Private Events
Virtual Trivia
Globe League
Become a Host
Pub Owners
SporcleCon
Opinionation
Our Games
Videos
Blog
Mobile Apps
Partnerships
Remove Ads and Go Orange
Feedback
Movies
Disney
Marvel Cinematic Universe
Movie Resume
Movie Titles
Oscar
Actor
Actress
Director
Pixar
Role
Movie Quotes
Movie Characters
Box Office
Nominee
Best Picture
Star Wars
James Bond
Horror Movies
Movies
Disney
Marvel Cinematic Universe
Movie Resume
Movie Titles
Oscar
Actor
Actress
Director
Pixar
Role
Movie Quotes
Movie Characters
Box Office
Nominee
Best Picture
Star Wars
James Bond
Horror Movies
Random Quiz
Search Sporcle
×
Quiz Lab
Quiz Lab
Movies
Nicolas Cage
Type in answers that appear in a list
Type in answers that appear in a list
Classic
Best Score? Go Orange.
Rotten Nicolas Cage Movies Stats
Can you name the Certified Rotten Nic Cage Movies?
By
jamiegoncalves
10m
26 Questions
203 Plays
203 Plays
203 Plays
Comments
Comments
Give Quiz Kudos
Give Quiz Kudos
-
- Ratings
hide this ad
Replay
Link that replays current quiz
Next Quiz
Link to next quiz in quiz playlist
You Got
0%
They Got
Avg Score
29%
Avg Friend Score
Upgrade to see
Score Distribution
Jump to the score distribution portion of the page
Score
0/26
Timer
10:00
0
Plays Today
>60% on Rotten Tomatoes
% Correct
The Wicker Man
68.5%
National Treasure
66%
Ghost Rider
63.5%
Con Air
62.6%
National Treasure 2
56.7%
The Sorcerer's Apprentice
51.2%
Knowing
43.3%
Gone in 60 seconds
39.4%
The Weather Man
35.5%
Next
34.5%
Bangkok Dangerous
34%
The Family Man
29.6%
8MM
23.6%
>60% on Rotten Tomatoes
% Correct
Worst Acting performance by an Oscar Winner
Deadfall
22.2%
Windtalkers
17.7%
Captain Corelli's Mandolin
17.2%
G-Force
15.8%
City of Angels
13.8%
Trapped in Paradise
13.3%
Zandalee
12.8%
Astro Boy
9.9%
Amos and Andrew
9.9%
Sonny
6.9%
Fire Birds
6.9%
The Life of David Gale
1%
Guarding Texas
0%
Quiz Playlist
Details
Report
Send in Message
Add To Playlist
Classic:
Type in answers that appear in a list
Last Updated: Feb 16, 2017
Quiz Scoreboard
CHALLENGE
Sign Up to Join the Scoreboard
Show All
Scores
Hide
Comments
May contain spoilers
Recently Published
Presidents Visiting Landmarks
by Hejman
History
7m
An Introduction to Baseball
by treessimontrees
Sports
5m
Movies - When Are They Set?
by FPL_Elf
Movies
5m
More to Explore
Quiz From the Vault
Featured Blog Post
Where Did the Easter Bunny Come From?
hide this ad
You Might Also Like...
Tags
cage
Nicolas Cage
rotten
Rotten Tomatoes
Today's Top Quizzes in Movies
Browse Movies
hide this ad
Today's Top Quizzes in Nicolas Cage
Browse Nicolas Cage
Top Contributed Quizzes in Movies
1
Pick 5 Posters: Directed by Spielberg
2
7-to-1: Pixar Characters
3
Pick 5 Posters: Lowest-Rated Spielberg
4
Pick 5 Posters: Directed by Scorsese
5
Pick 5 Posters: Star & Director
6
Sorting Actors
7
Sorting Actresses
8
12 Movies about Fictional 1960s Events
9
Multi-Oscar Nominations, One Movie, One Winner
10
Pick 5 Posters: Women Directed 2020s
Explore More
Trending Topics
Harry Potter
Crossword
Disney
NBA
Marvel
Anime
Kpop
WWE
Pokémon
Soccer
Country
Puzzle
The Office
NFL
Song
hide this ad
More By:
jamiegoncalves
Quiz
Plays
Rating
Category
Featured
Created
Rotten Nicolas Cage Movies
203
3.50
Movies
Dec 11, 2010
Director by less famous films
97
3.50
Movies
Dec 12, 2010
Great albums of 2010
20
5.00
Music
Dec 11, 2010
Go to Creator's Profile
Score Distribution
Quiz Creator Spotlight
jamiegoncalves
Follow
Send a Message
Quizzes Created
-
Created Quiz Play Count
-
More By This Creator
Popular Quizzes Today
1
Find the US States - No Outlines Minefield
2
Find the Countries of Europe - No Outlines Minefield
3
The Countries of the World
4
Find the US States
5
Popular People in 1961
6
US States
7
Risky Map Clicking: Biggest States A-Z
8
Movies - When Are They Set?
More Movies Quizzes
Disney Shared Beginnings
Published
Trending Quizzes
Risky Map Clicking: Least Populous States A-Z
1-10 Letter G Words
1-10 Letter F Words
Risky Map Clicking: Next State Alphabetically
Risky Map Clicking: Biggest States A-Z
Recently Updated
Leaping Animals
pecheneg
Reality TV Shows (A-Z)
bhenderson79
Rickey Henderson's Hall of Fame Teammates
pecheneg
Champions League XIs: Arsenal
pecheneg
Quick Pick: Celebrities in WWE's Hall of Fame
aduchscher
A-Z Keypad Blitz II
pecheneg
Multiple Oscar Actors
pecheneg
Mystery Phrase Blitz: Oscar 'Best Actors'
pecheneg
F. Scott Fitzgerald Novels
LTH
Pick 3 Villains
ddd62291
Trending Topics
Harry Potter
Kpop
Anime
Marvel
NBA
Disney
Crossword
The Office
Pokémon
Puzzle
Soccer
Country
WWE
NFL
Song
Your Account Isn't Verified!
In order to create a playlist on Sporcle, you need to verify the email address you used during registration. Go to your
Sporcle Settings
to finish the process.
Report this User
Report this user for behavior that violates our
Community Guidelines
.
Details:
Send Report
Go to the Sporcle.com Mobile Site →
Comments